000
00286nam a22001337a 4500
008
170327b xxu||||| |||| 00| 0 eng d
020
_a
9781416025306
041
_a
eng
080
_2
3 ED
_a
615.83
100
_a
8
101
_a
SHM
245
_a
EPIDEMILOGY
_c
GORDIS.L
942
_2
udc
_c
BK
999
_c
8650
_d
8650